000 00254nam a2200109Ia 4500
008 220713s9999 xx 000 0 und d
020 _a0-7089-6191-6
082 _aEF ROB
100 _aFRANK ROBERTSON
_9163922
245 0 _aSHERIFFS DEPUTY
942 _cBK
_w561
_xJohn Tresidder
_y561
_zJohn Tresidder
999 _c713730
_d713729